000
00312nam a22001337a 4500
008
181217b xxu||||| |||| 00| 0 eng d
020
_a
9780132113199
041
_a
eng
080
_a
510
100
_a
36
101
_a
MAT
245
_a
Differential Equations A Systems Approach
_c
Goldberg,J
942
_2
udc
_c
BK
999
_c
53305
_d
53305